000 00366pab a2200145 454500
008 180718b2003 xxu||||| |||| 00| 0 eng d
100 _aSlemrod, Joel
245 _aThanatology and economics: the behavioral economics of death
260 _c2003
300 _ap.371-75.
362 _aMay
650 _aDeath
773 _aAmerican Economic Review
909 _a57045
999 _c57045
_d57045